American Teenager - Ethel Cain - Statistics

General Stats
  • This quiz has been taken 27 times
  • The average score is 312 of 353
Answer Stats
% Correct
a
100%
A
100%
and
100%
And
100%
and,
100%
I
100%
in
100%
In
100%
it
100%
me
100%
me,
100%
on
100%
the
100%
The
100%
to
100%
when
100%
you
100%
you?
100%
your
100%
American
94%
but
94%
football
94%
for
94%
For
94%
he
94%
high
94%
like
94%
of
94%
Say
94%
say
94%
school
94%
so
94%
team
94%
want
94%
want,
94%
was
94%
what
94%
with
94%
all
88%
alone
88%
another
88%
Another
88%
do
88%
dream
88%
faith
88%
feel
88%
go
88%
heart
88%
his
88%
if
88%
I'm
88%
It's
88%
Just
88%
just
88%
lights
88%
mean
88%
middle
88%
much
88%
my
88%
night
88%
night,
88%
once
88%
out
88%
red
88%
street
88%
taken
88%
there
88%
there,
88%
too
88%
yellow
88%
bleachers
82%
box
82%
by
82%
came
82%
crying
82%
daddy
82%
day
82%
done,
82%
done
82%
fault
82%
fists
82%
front
82%
fun
82%
good
82%
Grew
82%
here
82%
Jesus,
82%
kids
82%
maybe
82%
not
82%
off
82%
Putting
82%
said
82%
this
82%
up
82%
wanted
82%
why
82%
year
82%
you're
82%
anyone
76%
anything
76%
cold
76%
didn't
76%
don't
76%
from
76%
full
76%
give
76%
home
76%
let
76%
long
76%
make-believe
76%
more
76%
need
76%
one
76%
probably
76%
room
76%
sorry
76%
standing
76%
still
76%
then
76%
under
76%
war
76%
wasted
76%
always
71%
at
71%
brother
71%
deliver
71%
doing
71%
handle
71%
Hands
71%
liquor
71%
listening,
71%
morning
71%
neighbor's
71%
Sunday
71%
Dale
65%
faces
65%
knees
65%
life
65%
over
65%
seem
65%
well
65%
whiskey
65%
damn,
53%
again
47%
No matching quizzes found
Score Distribution
Percent of People with Each Score
Percentile by Number Answered
Your Score History
You have not taken this quiz